00333 2200133 4500001002100000005001500021035002000036245004400056100001900100260003600119082000800155084001400163990002200177INLIS00000000000245320250604103810 a0010-06250000391 aSi Jamin Dan Si Johan /cMerari Siregar0 aMerari Siregar aJakarta :bBalai Pustaka,c2000 a800 a800 MER s a000127 s/d 000129